List all the Uralic Languages - Statistics

General Stats
  • This quiz has been taken 495 times
    104 since last reset
  • The average score is 11 of 18
Answer Stats
Speakers Language % Correct
12 million Hungarian
100%
5.8 million Finnish
99%
1.1 million Estonian
96%
1k-2k Lule Sami
82%
20k Northern Sami
82%
36k Karelian
70%
400k Mari
67%
160k Komi
63%
21.9k Nenets
62%
342k Udmurt
58%
9.6k Khanty
49%
2.2k Mansi
49%
20k Moksha
46%
37k Erzya
45%
3.6k Veps
43%
75k Võro
33%
1k Selkup
26%
1.5k-10k Kven
12%
No matching quizzes found
Score Distribution
Percent of People with Each Score
Percentile by Number Answered
Your Score History
You have not taken this quiz since the last reset